000 00578nam a2200205Ia 4500
003 GCL
008 140319s9999 xx 000 0 ara d
040 _aGCL /
_cGCL
082 0 4 _aط
_b813.01
_bا ص
100 1 _aاحمد دمرداش
245 1 0 _aالصياد والفريسة /
_cاحمد دمرداش
700 1 _aاحمد المناويشى
300 _a11 ص
490 _aحقائق للحياة
_v0
650 0 4 _aالقصص القصيرة
650 0 4 _aالاطفال
650 0 4 _aقصص الاطفال
650 0 4 _aادب الاطفال
942 _2ddc
_cBK
999 _c51488
_d51488